| 000 | 01303nam2a22002411 4500 | ||
|---|---|---|---|
| 001 | rc\1024060 | ||
| 005 | 20250622104542.0 | ||
| 035 | _a(NLR Aleph) 006248086 | ||
| 090 |
_a6726929 _c6726929 |
||
| 100 | _a20041129d1981 |||y0rusy50 ca | ||
| 101 | 0 | _arus | |
| 102 | _aRU | ||
| 105 | _ay ||||||||| | ||
| 200 | 1 |
_aГидрогеологический очерк _fСост. Б.А. Казинцев, В.Л. Громов _gРед. Е.М. Пирогова |
|
| 210 |
_d1981 _aБ. м. |
||
| 215 | _a64 с. | ||
| 333 | _aДСП. Экз. № 4 | ||
| 461 | 0 |
_1001rc\2209271 _12001#$aПодземные воды СССР$eОбзор подземных вод Краснодарского края$fМ-во геологии СССР, Всесоюз. геол. фонд., Сев.-Кавк. террит. геол. упр.$vТ. 1 _96099247 _cМосква _d1978 _fМ-во геологии СССР, Всесоюз. геол. фонд., Сев.-Кавк. террит. геол. упр. _nЦентр специализир. произв. хозрасчет. предприятие _oОбзор подземных вод Краснодарского края _tПодземные воды СССР _vТ. 1 |
|
| 801 | 0 |
_aRU _bNLR _gpsbo |
|
| 801 | 1 |
_aRU _bELAR _2rusmarc |
|
| 852 |
_aNLR _j79-50К/3400 |
||
| 942 | _cBOOK | ||
| 980 | _aNB | ||